RICS sentencing policy (Record no. 70871)

MARC details
000 -LEADER
fixed length control field 01127cam a2200217 4500
001 - CONTROL NUMBER
control field WB3828-18
008 - FIXED-LENGTH DATA ELEMENTS--GENERAL INFORMATION
fixed length control field 020801n2002 000 0 eng u
035 ## - SYSTEM CONTROL NUMBER
System control number (Sirsi) u119143
245 ## - TITLE STATEMENT
Title RICS sentencing policy
260 ## - PUBLICATION, DISTRIBUTION, ETC.
Date of publication, distribution, etc. 2002
490 ## - SERIES STATEMENT
Series statement RICS Feature
Volume/sequential designation 31 July 2002, (2)
520 ## - SUMMARY, ETC.
Summary, etc. Ethics Conduct Consumer Policy Committee has agreed policy on sentencing for RICS Disciplinary Boards and Panels. Comes into force September 2002. Consistency in treatment of Members appearing before Disciplinary and Appeal Boards will be ensured by informing them of sanctions which may be imposed for breach of RICS rules. Emphasises each case is different, and will be treated on own facts. More information available from [email protected], t +44 (0)20 7695 1579 www.rics.org/ricscms/bin/show?class=Feature&template=/includes/showfeature.html&id=302#
590 ## - LOCAL NOTE (RLIN)
Local note WB
650 ## - SUBJECT ADDED ENTRY--TOPICAL TERM
Topical term or geographic name entry element DISCIPLINARY BOARDS
650 ## - SUBJECT ADDED ENTRY--TOPICAL TERM
Topical term or geographic name entry element DISCIPLINARY ACTION
650 ## - SUBJECT ADDED ENTRY--TOPICAL TERM
Topical term or geographic name entry element DISCIPLINARY PROCEDURES
650 ## - SUBJECT ADDED ENTRY--TOPICAL TERM
Topical term or geographic name entry element SENTENCING
650 ## - SUBJECT ADDED ENTRY--TOPICAL TERM
Topical term or geographic name entry element RICS DISCIPLINARY BOARD
690 ## - LOCAL SUBJECT ADDED ENTRY--TOPICAL TERM (OCLC, RLIN)
Topical term or geographic name as entry element MANAGEMENT-BUSINESS MANAGEMENT-PROFESSIONAL PRACTICE
942 ## - ADDED ENTRY ELEMENTS (KOHA)
Suppress in OPAC 0
Holdings
Withdrawn status Lost status Source of classification or shelving scheme Damaged status Not for loan Home library Current library Shelving location Date acquired Total Checkouts Full call number Barcode Date last seen Copy number Price effective from Koha item type
    Dewey Decimal Classification     London London News article 01/08/2002   WB3828-18 119143-1001 06/08/2019 1 06/08/2019 News article